Statystyki dla Stolice świata najbliżej Warszawy - 30 sekund sprintu

Kliknij tutaj aby rozwiązać quiz!

Ogólne statystyki

  • Ten quiz został rozwiązany 291 razy
  • Średni wynik to 8 z 20

Statystyki odpowiedzi

kmstolica% Poprawnych
518Berlin
95%
517Praga
86%
393Wilno
83%
691Kijów
72%
476Mińsk
72%
534Bratysława
70%
561Ryga
58%
556Wiedeń
36%
546Budapeszt
31%
673Kopenhaga
31%
812Sztokholm
28%
916Helsinki
23%
1064Oslo
23%
835Tallinn
16%
948Bukareszt
15%
834Lublana
8%
814Kiszyniów
6%
803Zagrzeb
4%
830Belgrad
3%
952Sarajewo
1%

Rozkład punktacji

Percentyl według liczby udzielonych odpowiedzi

Procent ludzi z każdym wynikiem

Twoja historia wyników

Nie rozwiązałeś tego quizu